| 000 | 02084nam a2200373 a 4500 | ||
|---|---|---|---|
| 001 | ebr10583823 | ||
| 003 | CaPaEBR | ||
| 006 | m u | ||
| 007 | cr cn||||||||| | ||
| 008 | 110404s2011 scu sb 001 0ceng d | ||
| 010 | _z 2011012508 | ||
| 020 | _z9781611170351 (cloth alk. paper) | ||
| 020 | _z1611170354 (cloth alk. paper) | ||
| 020 | _z9781611171099 (e-book) | ||
| 040 |
_aCaPaEBR _cCaPaEBR |
||
| 035 | _a(OCoLC)808381428 | ||
| 043 | _an-us--- | ||
| 050 | 1 | 4 |
_aPS3572.O5 _bZ555 2011eb |
| 082 | 0 | 4 |
_a813/.54 _222 |
| 100 | 1 | _aBroer, Lawrence R. | |
| 245 | 1 | 0 |
_aVonnegut and Hemingway _h[electronic resource] : _bwriters at war / _cLawrence R. Broer. |
| 260 |
_aColumbia : _bUniversity of South Carolina Press, _cc2011. |
||
| 300 | _aix, 246 p. | ||
| 504 | _aIncludes bibliographical references and index. | ||
| 505 | 0 | _aFamily secrets: the absent mother and father -- Hemingway's sun, Vonnegut's night: the spoils of war -- Duty dance with death: A farewell to arms and Slaughterhouse-five -- Spiritual manifestos: Breakfast of champions, Death in the afternoon, and Green hills of Africa -- From Jailbird to canary bird: To have and have not and Jailbird -- Anima and animus in For whom the bell tolls and Slapstick -- A soldier's confessions: Across the river and into the trees and Hocus pocus -- Now it's women's turn: The rescue of Eurydice -- A literary farewell: Timequake and Under kilimanjaro. | |
| 533 |
_aElectronic reproduction. _bPalo Alto, Calif. : _cebrary, _d2011. _nAvailable via World Wide Web. _nAccess may be limited to ebrary affiliated libraries. |
||
| 600 | 1 | 0 |
_aVonnegut, Kurt _xCriticism and interpretation. |
| 600 | 1 | 0 |
_aHemingway, Ernest, _d1899-1961 _xCriticism and interpretation. |
| 650 | 0 |
_aWar and literature _zUnited States _xHistory _y20th century. |
|
| 650 | 0 |
_aAmerican fiction _y20th century _xHistory and criticism. |
|
| 655 | 7 |
_aElectronic books. _2local |
|
| 710 | 2 | _aebrary, Inc. | |
| 856 | 4 | 0 |
_uhttp://site.ebrary.com/lib/rucke/Doc?id=10583823 _zAn electronic book accessible through the World Wide Web; click to view |
| 999 |
_c82778 _d82778 |
||